<?xml version="1.0" encoding="UTF-8"?><?xml-stylesheet type="text/xsl" href="static/style.xsl"?><OAI-PMH xmlns="http://www.openarchives.org/OAI/2.0/" xmlns:xsi="http://www.w3.org/2001/XMLSchema-instance" xsi:schemaLocation="http://www.openarchives.org/OAI/2.0/ http://www.openarchives.org/OAI/2.0/OAI-PMH.xsd"><responseDate>2026-06-02T02:41:56Z</responseDate><request verb="GetRecord" identifier="oai:riuma.uma.es:10630/31371" metadataPrefix="marc">https://riuma.uma.es/rest/oai/request</request><GetRecord><record><header><identifier>oai:riuma.uma.es:10630/31371</identifier><datestamp>2026-02-03T10:57:18Z</datestamp><setSpec>com_10630_2254</setSpec><setSpec>col_10630_37953</setSpec></header><metadata><record xmlns="http://www.loc.gov/MARC21/slim" xmlns:dcterms="http://purl.org/dc/terms/" xmlns:doc="http://www.lyncode.com/xoai" xmlns:xsi="http://www.w3.org/2001/XMLSchema-instance" xsi:schemaLocation="http://www.loc.gov/MARC21/slim http://www.loc.gov/standards/marcxml/schema/MARC21slim.xsd">
   <leader>00925njm 22002777a 4500</leader>
   <datafield ind2=" " ind1=" " tag="042">
      <subfield code="a">dc</subfield>
   </datafield>
   <datafield ind2=" " ind1=" " tag="720">
      <subfield code="a">Quero-Gervilla, María José</subfield>
      <subfield code="e">author</subfield>
   </datafield>
   <datafield ind2=" " ind1=" " tag="720">
      <subfield code="a">Ventura-Fernández, Rafael</subfield>
      <subfield code="e">author</subfield>
   </datafield>
   <datafield ind2=" " ind1=" " tag="260">
      <subfield code="c">2019</subfield>
   </datafield>
   <datafield ind2=" " ind1=" " tag="520">
      <subfield code="a">The aim of this article is to explore whether the ecosystem approach is required to understand the&#xd;
new service model of crowdfunding. The value proposition approach offers different interpretations for each of the eight levels of value co-creation as seen in the service ecosystem. A qualitative&#xd;
multiple case-study approach is used to analyze the two most representative crowdfunding platforms in Spain, Verkami and La´nzanos, in terms of the amounts of funds provided. This article&#xd;
offers an analysis of specific cases of crowdfunding in the arts and cultural sector through the&#xd;
biggest platforms in Spain. The sampling design could be improved by including the experiences of&#xd;
crowdfunding projects in other countries in the analysis. The findings could assist service managers&#xd;
and practitioners to improve planning of value cocreation through the value propositions&#xd;
approach, with a variety of actors within the service ecosystem. This article is a contribution to the&#xd;
development of service-dominant (SD) logic in relation to FP 7 and FP 10. Managerial contributions&#xd;
include the development of a crowdfunding service ecosystem model for arts managers, which&#xd;
offers not only a method of generating finance or economic value but also opportunities for&#xd;
strengthening bonds with customers and other stakeholders. This article is unique in that it&#xd;
integrates value proposition categories in micro-, meso-, and macrocontexts and analyzes the&#xd;
different kinds of cocreation that exist in the crowdfunding context</subfield>
   </datafield>
   <datafield ind1="8" ind2=" " tag="024">
      <subfield code="a">Quero, M.J. y Ventura, R. (2019), “Value proposition as a framework for value co-creation in crowdfunding ecosystems”, Marketing Theory, Vol.19 (1), pp. 47 – 63.</subfield>
   </datafield>
   <datafield ind1="8" ind2=" " tag="024">
      <subfield code="a">https://hdl.handle.net/10630/31371</subfield>
   </datafield>
   <datafield ind1="8" ind2=" " tag="024">
      <subfield code="a">10.1177/1470593118772213</subfield>
   </datafield>
   <datafield tag="653" ind2=" " ind1=" ">
      <subfield code="a">Crowdfunding</subfield>
   </datafield>
   <datafield tag="653" ind2=" " ind1=" ">
      <subfield code="a">Empresas - Finanzas</subfield>
   </datafield>
   <datafield ind2="0" ind1="0" tag="245">
      <subfield code="a">Value proposition as a framework for value co-creation in crowdfunding ecosystems.</subfield>
   </datafield>
</record>
</metadata></record></GetRecord></OAI-PMH>